000 01009cam a2200289 i 4500
999 _c23160
_d23160
001 4662023
003 OSt
005 20200518101938.0
008 800128s1980 njuaf b 001 0 eng
010 _a 80007462
020 _a0691031185 :
_c$14.50
040 _aDLC
_coclc
_dDLC
043 _aa-ir---
050 0 0 _aDS318
_b.S244
082 0 0 _a955.053
_bSAI/R
100 _aSaikal, Amin
_d1950-
_92389
245 1 4 _aThe rise and fall of the Shah /
_cAmin Saikal
260 _aPrinceton, N.J. :
_bPrinceton University Press,
_cc1980.
300 _axiv, 279 p
_bill. ;
_c25 cm.
500 _aIncludes index.
504 _aBibliography: p. [247]-268.
650 0 _92271
_aHistory & geography
_vIslamic History
651 0 _aIran
_xPolitics and government
_y1941-1979.
856 4 2 _3Publisher description
_uhttp://www.loc.gov/catdir/enhancements/fy1513/80007462-d.html
906 _a7
_bcbu
_corignew
_d1
_eocip
_f19
_gy-gencatlg
942 _2ddc
_cBK
_h955.053
_iSAI/R
_k955.053
_mSAI/R